000 00220nam a22000857a 4500
008 161119b xxu||||| |||| 00| 0 eng d
100 _91289
_aKidz.O
245 _aChhatrapati Shivaji Maharaj
260 _aNew Delhi
_bOm Kidz
_c2013
999 _c3993
_d3993